Fundamentals of physics : Enhanced problems version
The primary goal of this text is to provide students with a solid understanding of fundamental physics concepts, and to help them apply this conceptual understanding to quantitative problem solving.
Bewaard in:
| Hoofdauteur: | |
|---|---|
| Formaat: | Boek |
| Taal: | Undetermined |
| Gepubliceerd in: |
New York
John Wiley & Sons, Inc.
2003
|
| Onderwerpen: | |
| Tags: |
Voeg label toe
Geen labels, Wees de eerste die dit record labelt!
|
| Thư viện lưu trữ: | Trung tâm Học liệu Trường Đại học Cần Thơ |
|---|
| LEADER | 00780nam a2200217Ia 4500 | ||
|---|---|---|---|
| 001 | CTU_130814 | ||
| 008 | 210402s9999 xx 000 0 und d | ||
| 020 | |c 53.95 | ||
| 082 | |a 530 | ||
| 082 | |b H188/P.4 | ||
| 100 | |a Halliday, David | ||
| 245 | 0 | |a Fundamentals of physics : | |
| 245 | 0 | |b Enhanced problems version | |
| 245 | 0 | |c David Halliday , Robert Resnick and Jearl Walker | |
| 260 | |a New York | ||
| 260 | |b John Wiley & Sons, Inc. | ||
| 260 | |c 2003 | ||
| 520 | |a The primary goal of this text is to provide students with a solid understanding of fundamental physics concepts, and to help them apply this conceptual understanding to quantitative problem solving. | ||
| 650 | |a Physics | ||
| 904 | |i Giang | ||
| 980 | |a Trung tâm Học liệu Trường Đại học Cần Thơ | ||